Моделирование электродных процессов при протекании простой электрохимической реакции и линейном изменении потенциала на электродах ограниченного объема; Известия Томского политехнического университета [Известия ТПУ]; Т. 309, № 6
| Parent link: | Известия Томского политехнического университета [Известия ТПУ]/ Томский политехнический университет (ТПУ).— , 2000- Т. 309, № 6.— 2006.— [С. 73-76] |
|---|---|
| Altres autors: | , , , |
| Sumari: | Заглавие с титульного листа Электронная версия печатной публикации Показана возможность расчёта вольтамперных кривых при обратимом электродном процессе на плоских электродах для любых значений безразмерных параметров Н и θ0, характеризующих природу электродного процесса, параметры электрода, скорость и форму изменения потенциала за время, соизмеримое с реальным временем проведения эксперимента. Величина Н показывает влияние соотношения скорости электрохимической реакции, определяемой скоростью изменения потенциала, диффузии, обусловленной взаимодействием между молекулами в растворах (металлических, жидких) и квадратом толщины плёнки электрода (анодный процесс) или электролита (катодный процесс). Величина θ0 показывает влияние соотношения скоростей электрохимических реакций в зависимости от равновесного потенциала. |
| Idioma: | rus |
| Publicat: |
2006
|
| Col·lecció: | Технические науки |
| Matèries: | |
| Accés en línia: | http://www.lib.tpu.ru/fulltext/v/Bulletin_TPU/2006/v309/i6/18.pdf |
| Format: | MixedMaterials Electrònic Capítol de llibre |
| KOHA link: | https://koha.lib.tpu.ru/cgi-bin/koha/opac-detail.pl?biblionumber=171620 |
MARC
| LEADER | 00000nla2a2200000 4500 | ||
|---|---|---|---|
| 001 | 171620 | ||
| 005 | 20231031164033.0 | ||
| 035 | |a (RuTPU)RU\TPU\book\186079 | ||
| 035 | |a RU\TPU\book\186077 | ||
| 090 | |a 171620 | ||
| 100 | |a 20091207d2006 k y0rusy50 ca | ||
| 101 | 0 | |a rus | |
| 102 | |a RU | ||
| 135 | |a drnn ---uucaa | ||
| 181 | 0 | |a i | |
| 182 | 0 | |a b | |
| 200 | 1 | |a Моделирование электродных процессов при протекании простой электрохимической реакции и линейном изменении потенциала на электродах ограниченного объема |b Электронный ресурс |f И. С. Антипенко [и др.] | |
| 203 | |a Текст |c электронный | ||
| 215 | |a 1 файл (358 Кб) | ||
| 225 | 1 | |a Технические науки | |
| 230 | |a Электронные текстовые данные (1 файл : 358 Кб) | ||
| 300 | |a Заглавие с титульного листа | ||
| 300 | |a Электронная версия печатной публикации | ||
| 320 | |a [Библиогр.: с. 76 (9 назв.)] | ||
| 330 | |a Показана возможность расчёта вольтамперных кривых при обратимом электродном процессе на плоских электродах для любых значений безразмерных параметров Н и θ0, характеризующих природу электродного процесса, параметры электрода, скорость и форму изменения потенциала за время, соизмеримое с реальным временем проведения эксперимента. Величина Н показывает влияние соотношения скорости электрохимической реакции, определяемой скоростью изменения потенциала, диффузии, обусловленной взаимодействием между молекулами в растворах (металлических, жидких) и квадратом толщины плёнки электрода (анодный процесс) или электролита (катодный процесс). Величина θ0 показывает влияние соотношения скоростей электрохимических реакций в зависимости от равновесного потенциала. | ||
| 337 | |a Adobe Reader | ||
| 461 | 1 | |0 (RuTPU)RU\TPU\book\176237 |t Известия Томского политехнического университета [Известия ТПУ] |f Томский политехнический университет (ТПУ) |d 2000- | |
| 463 | 1 | |0 (RuTPU)RU\TPU\book\186033 |t Т. 309, № 6 |v [С. 73-76] |d 2006 |p 256 с. | |
| 610 | 1 | |a моделирование | |
| 610 | 1 | |a электродные процессы | |
| 610 | 1 | |a электрохимические реакции | |
| 610 | 1 | |a линейные измерения | |
| 610 | 1 | |a ограниченные объемы | |
| 610 | 1 | |a расчеты | |
| 610 | 1 | |a вольтамперные кривые | |
| 610 | 1 | |a обратимые процессы | |
| 610 | 1 | |a плоские электроды | |
| 610 | 1 | |a безразмерные параметры | |
| 610 | 1 | |a реальное время | |
| 610 | 1 | |a эксперименты | |
| 610 | 1 | |a скорость | |
| 610 | 1 | |a диффузия | |
| 610 | 1 | |a молекулы | |
| 610 | 1 | |a металлические растворы | |
| 610 | 1 | |a жидкие растворы | |
| 610 | 1 | |a пленки | |
| 610 | 1 | |a толщина | |
| 610 | 1 | |a анодные процессы | |
| 610 | 1 | |a электролиты | |
| 610 | 1 | |a катодные процессы | |
| 610 | 1 | |a равновесные потенциалы | |
| 610 | 1 | |a труды учёных ТПУ | |
| 610 | 1 | |a электронный ресурс | |
| 701 | 1 | |a Антипенко |b И. С. | |
| 701 | 1 | |a Косинцев |b В. И. |c российский химик-технолог |c профессор Томского политехнического университета, доктор технических наук |f 1939- |g Виктор Иванович |2 stltpush |3 (RuTPU)RU\TPU\pers\21969 | |
| 701 | 1 | |a Иванов |b Ю. А. |c российский учёный в области электроанализа и коррозионного мониторинга |c заведующий лабораторией Томского политехнического университета |g Юрий Алексеевич |2 stltpush |3 (RuTPU)RU\TPU\pers\30583 | |
| 701 | 1 | |a Назаров |b Б. Ф. |c химик-технолог |c старший научный сотрудник Томского политехнического университета, кандидат химических наук |f 1940- |g Борис Федорович |2 stltpush |3 (RuTPU)RU\TPU\pers\27250 | |
| 801 | 1 | |a RU |b 63413507 |c 20090623 |g PSBO | |
| 801 | 2 | |a RU |b 63413507 |c 20141209 |g PSBO | |
| 856 | 4 | |u http://www.lib.tpu.ru/fulltext/v/Bulletin_TPU/2006/v309/i6/18.pdf | |
| 942 | |c CF | ||